Bilbo - Statistics

General Stats
  • This quiz has been taken 21 times
  • The average score is 3 of 9
Answer Stats
Hint Answer % Correct
Weapon Sting
100%
Realm The Shire
60%
Age 131
40%
Possessed the Ring 60
20%
Parents Bungo Baggins and Belladonna Took
20%
Departed to Aman September 29, TA 3021
20%
Birth September 22, TA 2890
20%
Obtained the Ring TA 2941
20%
Left the Ring TA 3001
20%
No matching quizzes found
Score Distribution
Percent of People with Each Score
Percentile by Number Answered
Your Score History
You have not taken this quiz